Cabinet of Canada - Statistics

General Stats
  • This quiz has been taken 46 times
    9 since last reset
  • The average score is 13 of 28
Answer Stats
Portfolio
Constituency Answer % Correct
Minister of Foreign Affairs Oakville East, ON Anita Anand
100%
Minister of Finance and National Revenue Saint-Maurice-Champlain, QC François-Philippe Champagne
88%
Prime Minister None Mark Carney
88%
Minister of Industry and Minister responsible for Canada Economic Development for Quebec Regions Ahuntsic-Cartierville, QC Mélanie Joly
88%
Minister of National Defence Ottawa South, ON David J. McGuinty
75%
President of the King’s Privy Council for Canada and Minister responsible for Canada-U.S. Trade, Intergovernmental Affairs, Internal Trade and One Canadian Economy Beauséjour, NB Dominic LeBlanc
75%
Minister of Justice and Attorney General of Canada and Minister responsible for the Atlantic Canada Opportunities Agency Central Nova, NS Sean Fraser
75%
Minister of Jobs and Families and Minister responsible for the Federal Economic Development Agency for Northern Ontario Thunder Bay-Superior North, QC Patty Hajdu
63%
Minister of Artificial Intelligence and Digital Innovation and Minister responsible for the Federal Economic Development Agency for Southern Ontario Toronto Centre, ON Evan Solomon
50%
Minister of Public Safety Scarborough-Guildwood-Rouge Park, ON Gary Anandasangaree
50%
Minister of Housing and Infrastructure and Minister responsible for Pacific Economic Development Canada Vancouver Fraserview-South Burnaby, BC Gregor Robertson
50%
Minister of Agriculture and Agri-Food Malpeque, PE Heath MacDonald
38%
Minister of Government Transformation, Public Works and Procurement and Québec Lieutenant Louis-Hébert, QC Joël Lightbound
38%
Minister of the Environment, Climate Change and Nature Toronto-Danforth, ON Julie Dabrusin
38%
Minister of Immigration, Refugees and Citizenship Halifax West, NS Lena Metlege Diab
38%
Minister of Canadian Identity and Culture and Minister responsible for Official Languages Ville-Marie-Le Sud-Ouest-Île-des-Sœurs, QC Marc Miller
38%
Minister of Transport and Leader of the Government in the House of Commons Gatineau, QC Steven MacKinnon
38%
Minister of Energy and Natural Resources Markham-Thornhill, ON Tim Hodgson
38%
Minister of Emergency Management and Community Resilience and Minister responsible for Prairies Economic Development Canada Edmonton Centre, AB Eleanor Olszewski
25%
Minister of Veterans Affairs and Associate Minister of National Defence Delta, BC Jill McKnight
25%
Minister of Fisheries St. John's East, NL Joanne Thompson
25%
Minister of Indigenous Services Abitibi-Baie-James- Nunavik-Eeyou, QC Mandy Gull-Masty
25%
Minister of International Trade Brampton East, ON Maninder Sidhu
25%
Minister of Health Papineau, QC Marjorie Michel
25%
Minister of Crown-Indigenous Relations Northwest Territories Rebecca Alty
25%
Minister of Northern and Arctic AffairsMinister responsible for the Canadian Northern Economic Development Agency Churchill-Keewatinook Aski, MB Rebecca Chartrand
25%
Minister of Women and Gender Equality and Secretary of State (Small Business and Tourism) Mississauga-Streetsville, ON Rechie Valdez
25%
President of the Treasury Board Brampton-Chinguacousy Park, ON Shafqat Ali
25%
No matching quizzes found
Score Distribution
Percent of People with Each Score
Percentile by Number Answered
Your Score History
You have not taken this quiz since the last reset